1250 1289 1108 1982 1030 1528 1652 1329 1814 1138 1642 1349 1376 1741 1340 1870 1889 1132 1174 1777 1327 1782 1002 1462 1208 1256 1602 1816 1432 1044 1256 1363 1072 1141 1609 1452 1223 1915 1344 1041 1977 1402 1903 1557 1776 1107 1515 1176 1966 1834 1237 1510 1519 1686 1801 1416 1024 1356 1036 1262 1514 1844 1840 1616 1339 1379 1736 1035 1314 1118 1448 1893 1352 1400 1161 1200 1032 1704 1064 1677 1770 1979 1946 1761 1736 1375 1413 1657 1516 1155 1719 1351 1400 1623 1374 1867 1356 1650 1861 BCNSPRNW ULIB Ver.6.0+V

เปลี่ยนเป็นภาษาไทย

Change to English
 แสดงรายละเอียดบรรณานุกรม
  กลับหน้าหลัก

Brief Record : Get Marc (ISO 2709) : E-mail record : QR code < ปิดหน้าต่าง
LEADER : 00000nam 2200000uu 4500
001    13399113517
003     ULIB
008    111123s2553||||th 000 0 tha d
020    ^a9786167210157
090    ^aนว.^bก823พ 2553
100 0  ^aจิน่า โชวอลเตอร์
245 00 ^aเพลิงรักผลาญใจ = Savor Me Slowly/^cจิน่า โชวอลเตอร์
250    ^aพิมพ์ครั้งที่ 1
260    ^aกรุงเทพฯ :^bวรวุฒิการพิมพ์,^c2553
300    ^a336 หน้า
710 1  ^aวรวุฒิการพิมพ์
945    ^p240^l0^i028032
995    ^aทศพร
999 ^a ทศพร
รายการนี้ยังไม่มีแท็ก
คุณยังไม่ได้ล็อกอิน คุณสามารถมีกิจกรรมร่วมกับเว็บไซต์ได้ แต่ต้องล็อกอินก่อน ::
  ล็อกอิน

รายการสื่อสารสนเทศ

ลำดับที่ ประเภท เลขเรียก/บาร์โค้ด สถานที่ สถานะ
1. นวนิยาย
นวนิยาย
นว. ก823พ 2553 ฉ.1 
  Barcode: 028032
ห้องสมุดวิทยาเขตสวรรค์ประชารักษ์
►นวนิยาย
บนชั้น
  ขอยืม

BibComment


ยังไม่เคยถูกคอมเมนท์

คอมเมนท์ทรัพยากรรายการนี้
  คอมเมนท์: เพลิงรักผลาญใจ ..


 Copyright 2026. Bcnsprnw @Library